Départements français les plus pluvieux - Statistiques

Statistiques générales
  • Ce quiz a été pris 52 fois
  • Le résultat moyen est 6 sur 10
Statistiques - réponses
Classement Département Moyenne annuelle (mm) % Correct
1 Finistère 1 169
93%
2 Pyrénées-Atlantiques 1 159
66%
9 Haute-Savoie 1 033
64%
3 Jura 1 127
64%
5 Savoie 1 087
61%
4 Doubs 1 118
59%
10 Haute-Saône 1 017
50%
6 Hautes-Pyrénées 1 049
48%
7 Territoire de Belfort 1 044
45%
8 Cantal 1 043
41%
Aucun quiz correspondant
Distribution des résultats
% des personnes avec chaque résultat
Percentile par nombre de réponses
Votre historique - résultats
Vous n’avez pas pris ce quiz